我與貍奴不出門
| 資料類型: | 圖書 | 書目號: | 53429 |
Leader xxxxxxxxxx 001 __ 102608/5/01 005 __ 20191030163627.915 010 0_ |a9789571377926|b平裝|d新臺幣320元 100 __ |a20191030d2019 m y0chiy50 b 101 0_ |achi 102 __ |atw 105 __ |ay z 000cy 200 1_ |a我與貍奴不出門|f黃麗群著 205 __ |a初版 210 __ |a臺北市|c時報文化出版|d2019[民108] 215 0_ |a285面|d21公分 225 12 |a新人間叢書|v283 700 _1 |a黃|b麗群|4著 681 __ |a855|b8355 801 _0 |atw|bLibDipper|c20191030|gCCR |